000 00712cam a2200193 4500
001 WB3622-27
008 000000n2000 000 0 eng u
035 _a(Sirsi) u106379
245 _aMayor names board to develop London
260 _c2000
490 _aFinancial Times
_v 8 June 2000 6(1)
520 _aKen Livingstone named his choices for the London Development Agency Board. Unlike other areas it is appointed by the Mayor rather than ministers. The agency chairman will be George Barlow. A vice chair will be Honor Chapman, chartered surveyor
590 _aWB
650 _aLONDON DEVELOPMENT AGENCY
650 _aLONDON MAYOR
650 _aREGENERATION
690 _aREGENERATION
942 _n0
999 _c63721
_d63721